000 00585nam a22001817a 4500
005 20231110062305.0
008 231110b |||||||| |||| 00| 0 eng d
020 _a0702110957 ; 0702111716
041 _aAfrikaans
082 _a346.1 VAN
100 _aVan der Merwe, JD en Joubert, DJ
_lAfrikaans
245 _aPersone en Familiereg /
_cJD Van der Merwe en DJ Joubert
250 _aEerste Uitgawe
260 _aKaapstad :
_bJuta en Kie Beperk,
_c1980
300 _blxiv, 640 pages ;
_c26 cm.
650 _aLegal practice
_bLaw
942 _cBK
_6ALISON_BN_VRIES
999 _c504
_d504